Cieľom je podojiť 400 kráv za hodinu na farme Vlčkovce patriacej Farme Majcichov už 2 mesiace funguje najväčšia kruhová dojáreň v Európe

Bibliographic Details
Format: Article
Language:Slovak
PhysicalDescription:Fotogr, sch.
ISSN:1335-1990
Subjects:

MARC

LEADER 00000nab a2200000 a 4500
001 vtls009469927
003 SK-MaSNL
005 20260305032423.0
008 250507c2009 xo |||||||||||000 b|slo
015 |a SNBRB2009/02  |2 snkbucl 
035 |a urn:nbn:sk:snk-ab89qa 
035 |a (urnnbn)urn:nbn:sk:snk:ar-006uk7 
035 |a (uuid)18621787-4e61-4e2b-a78b-aa3f191affe7 
038 |a SNKBUCL 
040 |a SNKBUCL  |b slo  |c SNKBUCL  |e AACR2 
041 0 |a slo 
044 |a xo  |c SK 
080 |a 637.115  |x (437.6)  |2 1997 
080 |a 636.2.034  |x (437.6)  |2 1997 
080 |a 631.115  |x (437.6)  |2 1997 
245 0 0 |a Cieľom je podojiť 400 kráv za hodinu  |b na farme Vlčkovce patriacej Farme Majcichov už 2 mesiace funguje najväčšia kruhová dojáreň v Európe 
300 |b Fotogr, sch. 
610 2 7 |a Farma Majcichov (Majcichov, Slovensko)  |2 snkbucl  |9 1611553 
650 0 7 |a BouMatic 72 Excalibur 360 EX (dojáreň)  |2 snkbucl  |9 1611705 
650 0 7 |a kruhové dojárne  |2 snkbucl  |9 1611706 
651 7 |a Vlčkovce (Slovensko)  |2 snkbucl  |9 23830 
651 7 |a Majcichov (Slovensko)  |2 snkbucl  |9 91112 
651 7 |a Trnava (Slovensko : okres)  |2 snkbucl  |9 51837 
773 0 |t Slovenský chov  |g Roč. XIV, č. 1 (2009), s. 20-22  |x 1335-1990 
850 |a Slovenská národná knižnica 
852 |a Slovenská národná knižnica 
954 |a odborná, vedecká literatúra pôvodná (slovenská)  |2 lita 
958 |a article9 
958 |a OND 
958 |a SK 
958 |a EUIPO 
999 |c 3320009  |d 3321939